| 000 | 00361nam a2200133Ia 4500 | ||
|---|---|---|---|
| 008 | 150202s9999 xx 000 0 und d | ||
| 020 | _a073352169X | ||
| 050 |
_aFIC _bFIC |
||
| 100 | _aSummers, Essie. | ||
| 245 |
_aMaster Of tawhai / _cEssie Summers. |
||
| 260 |
_aAustralia : _bHarlequin Books, _c1959. |
||
| 300 |
_a191 pages : _c18 cm. |
||
| 650 | _aFiction. | ||
| 999 |
_c282440 _d282440 |
||